| 000 | 00577nam a2200193 a 4500 | ||
|---|---|---|---|
| 001 | 20272 | ||
| 003 | CO-ViMGA | ||
| 005 | 20230915231506.0 | ||
| 008 | 141112s2004 ck r 000 u spa d | ||
| 040 |
_aCO-ViMGA _bspa _cCO-ViMGA |
||
| 082 | 0 | 4 | _aDAHch |
| 100 | 1 |
_aDahl, Roald _921034 |
|
| 245 | 1 | 0 | _aCharlie y la Fábrica de Chocolate |
| 260 |
_aBogotá : _bLoqueleo, _c2015 |
||
| 300 | _a231 p. | ||
| 590 | _aForma de adquisición : Reposicion 2022 - - Precio :32500 - - Fecha de adquisición : Noviembre 2022 | ||
| 650 | 1 | 4 |
_aCUENTOS INFANTILES _92743 |
| 942 |
_2ddc _cBK _n0 |
||
| 999 |
_c29291 _d29291 |
||